000 00753nam a22002537a 4500
999 _c5584
_d5584
003 AR-CdUCM
008 190312b ||||| |||| 00| 0 spa d
020 _a84-8280-159-7
040 _aMUNICIPALIDAD PROVINCIAL DEL CUSCO
_cBIBLIOTECA MUNICIPAL DEL CUSCO
082 _a868.23 /
_bR78
100 _aRojas, Fernando de
_916710
245 _aLa Celestina /
260 _aBogota :
_bLa Oveja Negra,
_c1983.
300 _a215 paginas ;
_c18cm
440 _aHistoria Universal de la Literatura
_n59
_916711
500 _aTeatro
650 _aTeatro espaƱol
_9648
650 _aAdaptaciones
_91309
650 _aPeriodo de transicion
_916712
650 _aLiteratura
_983
700 _aSeverin, Dorothi S
_916713
942 _2ddc
_cLIBROS
945 _apjha